Derecho Romano (Record no. 25549)

MARC details
000 -LEADER
campo de control de longitud fija 00494nam a2200157 i 4500
001 - NÚMERO DE CONTROL
campo de control 25549
003 - IDENTIFICADOR DE NÚMERO DE CONTROL
campo de control ES-MaACL
005 - FECHA Y HORA DE LA ÚLTIMA TRANSACCIÓN
campo de control 20230906153306.0
007 - CAMPO FIJO DE DESCRIPCIÓN FÍSICA--INFORMACIÓN GENERAL
campo de control de longitud fija t|
008 - DATOS DE LONGITUD FIJA--INFORMACIÓN GENERAL
campo de control de longitud fija 021227s1943 sp ||||1| spa d
100 1# - ENTRADA PRINCIPAL--NOMBRE DE PERSONA
Nombre de persona Arias Ramos, José.
9 (RLIN) 22803
245 10 - MENCIÓN DEL TÍTULO
Título Derecho Romano
Resto del título : apuntes didácticos para un curso /
Mención de responsabilidad, etc. José Arias Ramos.
260 ## - PUBLICACIÓN, DISTRIBUCIÓN, ETC.
Lugar de publicación, distribución, etc. Madrid :
Nombre del editor, distribuidor, etc. Revista de Derecho Privado,
Fecha de publicación, distribución, etc. 1943 (
Fabricante Imp. Galo Sèz)
300 ## - DESCRIPCIÓN FÍSICA
Extensión 3 t. en 2 v. ;
Dimensiones 22 cm.
852 ## - LOCALIZACIÓN
Ubicación ES-MaACL
Número de control de estantería F-15713-14
Sublocalización o colección R.20301
Holdings
Estatus retirado Estado de pérdida Estado de daño No para préstamo Biblioteca de origen Biblioteca actual Ubicación en estantería Fecha de adquisición Fuente de adquisición Total de préstamos Signatura topográfica completa Código de barras Visto por última vez Precio de reemplazo Tipo de ítem Koha
        Biblioteca del Ateneo de Madrid Biblioteca del Ateneo de Madrid Sala Pecera Planta 2 17/01/2008     F-15713-14 1026349 23/02/2023 23/02/2023 Libro impreso